| 000 | 00900cam a2200289 i 4500 | ||
|---|---|---|---|
| 003 | DO-SdBNP | ||
| 005 | 20240625133400.0 | ||
| 007 | ta | ||
| 008 | 240625s1986 mx 000 f spa d | ||
| 020 | _a9682313899 | ||
| 040 |
_aDO-SdBNP _cspa _dBNPHU _erda |
||
| 082 |
_bR173 _222 |
||
| 100 | 1 |
_aRamírez Sáiz, Juan Manuel _947592 _eautor |
|
| 245 | 1 | 3 |
_aEl movimiento urbano popular en México / _cJuan Manuel Ramírez Saiz |
| 264 | 1 |
_aMéxico : _bSiglo veintiuno editores, _c1986. |
|
| 300 |
_a234 páginas _c18 cm. |
||
| 336 |
_2rdacontent _atexto _btxt |
||
| 337 |
_2rdamedia _asin mediación _bn |
||
| 338 |
_2rdacarrier _avolumen _bnc |
||
| 490 | 1 | _aActualidad y perspectivas | |
| 490 | 1 | _aInstituto de Investigaciones Sociales | |
| 590 | _aInventariado, 2024/ YL | ||
| 650 | 4 |
_aNovela española _91123 |
|
| 650 | 4 |
_aLiteratura española _9632 |
|
| 910 | _aYLockward | ||
| 942 |
_2ddc _cLBS1 |
||
| 999 |
_c56979 _d56979 |
||